Catalunya, one nation, two states (Record no. 138518)
[ view plain ]
| 000 -LEADER | |
|---|---|
| fixed length control field | 01504nam a2200349Ia 4500 |
| 082 04 - DEWEY DECIMAL CLASSIFICATION NUMBER | |
| Classification number | 320.540946/7 |
| 100 1# - MAIN ENTRY--AUTHOR NAME | |
| Personal name | Alland, Alexander, |
| 245 10 - TITLE STATEMENT | |
| Title | Catalunya, one nation, two states |
| 260 ## - PUBLICATION, DISTRIBUTION, ETC. (IMPRINT) | |
| Place of publication | New York : |
| Name of publisher | Palgrave Macmillan, |
| Year of publication | 2006. |
| 300 ## - PHYSICAL DESCRIPTION | |
| Number of Pages | viii, 209 p. : |
| Other physical details | ill. |
| 650 #0 - SUBJECT ADDED ENTRY--TOPICAL TERM | |
| Topical Term | Catalans |
| Topical Term | Catalans |
| Topical Term | Catalans |
| Topical Term | Nationalism |
| 700 1# - ADDED ENTRY--PERSONAL NAME | |
| Personal name | Alland, Sonia. |
| 856 40 - ELECTRONIC LOCATION AND ACCESS | |
| Uniform Resource Identifier | http://site.ebrary.com/lib/rucke/Doc?id=10171509 |
No items available.
